[Event "Cracovia Open A 2013-14"]
[Site "Krakow POL"]
[Date "2014.01.02"]
[Round "7.21"]
[White "Lach,A"]
[Black "Cukrowski,F"]
[Result "0-1"]
[WhiteElo "2161"]
[BlackElo "2215"]

1.d4 Nf6 2.c4 g6 3.Nc3 Bg7 4.e4 O-O 5.Nf3 d6 6.Be2 e5 7.O-O Nbd7 8.Re1 Re8
9.Bf1 exd4 10.Nxd4 Nc5 11.f3 a5 12.Be3 c6 13.Qd2 a4 14.Rab1 Nh5 15.b4 axb3
16.axb3 Ne6 17.Nxe6 Bxe6 18.Na4 Qe7 19.Nb6 Rad8 20.g3 Qc7 21.Na4 Qb8 22.Nb6 Nf6
23.Qa5 Qc7 24.b4 Nd7 25.Nxd7 Qxd7 26.b5 Ra8 27.Qd2 Ra3 28.Red1 Rea8 29.Bf2 Rxf3
30.Qxd6 Qxd6 31.Rxd6 Be5 32.Rd2 Ra4 33.c5 Rc3 34.Re1 cxb5 35.Bxb5 Rb4 36.Bf1 Kg7
37.Bg2 h5 38.Be3 Rcb3 39.Rde2 Rxe3 40.Rxe3 Bd4 41.Kf1 Bc4+ 42.Kf2 Bxc5 43.Kf3 Bxe3
44.Kxe3 Rb2 45.Bf1 Be6 46.h4 b5 47.Kd4 b4 48.Bc4 Rd2+ 49.Ke3 Rd6 50.Bxe6 Rxe6
51.Rb1 Rb6 52.Rb3 Kf6 53.Kd4 Ke6 54.Kc5 Rb8 55.Kc6 Rc8+ 56.Kb5 Ke5 57.Rf3 b3
58.Ka4 b2 59.Rb3 Ra8+  0-1

[Event "2nd Gurgaon Open 2014"]
[Site "Gurgaon IND"]
[Date "2014.01.03"]
[Round "4.3"]
[White "Evdokimov,Alexa"]
[Black "Kulkarni,Vikramaditya"]
[Result "1/2-1/2"]
[WhiteElo "2558"]
[BlackElo "2336"]

1.d4 Nf6 2.c4 g6 3.Nc3 Bg7 4.e4 d6 5.Nf3 O-O 6.Be2 Na6 7.O-O e5 8.Be3 Ng4
9.Bg5 Qe8 10.dxe5 h6 11.Bd2 dxe5 12.h3 Nf6 13.Be3 Qe7 14.Nd5 Qd8 15.Nxf6+ Qxf6
16.c5 Kh7 17.a3 Nb8 18.Bc4 Nc6 19.Qe2 a5 20.Rad1 a4 21.Bd5 Na5 22.Bd2 c6
23.Ba2 Be6 24.Bxe6 Qxe6 25.Bb4 f6 26.Rd6 Qc4 27.Qe3 Rf7 28.Rfd1 Bf8 29.Rd7 Nb3
30.Qc3 Qe6 31.Rd8 Rc8 32.Kh2 Rfc7 33.R8d3 Rf7 34.Rd8 Rfc7 35.R8d3 Rf7 36.Qc2 Rfc7
37.Kh1 Be7 38.Nd2 Nd4 39.Qc4 Qg8 40.Qxg8+ Rxg8 41.Nc4 Ne6 42.Rd7 Rxd7 43.Rxd7 Rg7
44.Rxb7 Bxc5 45.Rxg7+ Kxg7 46.Bxc5 Nxc5 47.f3 Nd3 48.Kg1 f5 49.Kf1 Kf6 50.Ke2 Nf4+
51.Kf2 Nd3+ 52.Ke3 Nf4 53.Kf2 Nd3+ 54.Ke3 Nf4 55.g3 Nxh3 56.exf5 gxf5 57.f4 exf4+
58.gxf4 h5 59.Nb6 h4 60.Nxa4 Ng1 61.Kf2 Nh3+ 62.Ke3 Ng1 63.Nc3 h3 64.Kf2 h2
65.Kg2 Nf3 66.Ne2 Ke6 67.a4 Kd5 68.a5 c5 69.Ng3 Ne1+ 70.Kxh2 Nd3 71.Nxf5 Nxf4
72.Ne3+ Kc6 73.Kg3  1/2-1/2

[Event "ch-AUS 2014"]
[Site "Melbourne AUS"]
[Date "2014.01.03"]
[Round "2.10"]
[White "Johansen,D"]
[Black "McClymont,Brodie"]
[Result "1-0"]
[WhiteElo "2406"]
[BlackElo "2261"]

1.c4 g6 2.e4 Bg7 3.d4 d6 4.Nc3 Nd7 5.Be2 e5 6.Nf3 Ngf6 7.O-O O-O 8.Qc2 c6
9.Rd1 Qc7 10.Rb1 a6 11.b3 exd4 12.Nxd4 b5 13.Bf4 Re8 14.Nf3 b4 15.Bxd6 Qa5
16.e5 bxc3 17.exf6 Nxf6 18.b4 Qf5 19.Bd3 Qh5 20.Re1 Bg4 21.Ne5 Re6 22.c5 Rae8
23.f3 Bf5 24.Bxf5 Qxf5 25.Qxf5 gxf5 26.Kf1 Nd5 27.Nd3 Ne3+ 28.Kf2 c2 29.Rbc1 Nd1+
30.Kf1 Rxe1+ 31.Nxe1 Bb2 32.Rxc2 Ne3+ 33.Kf2 Nxc2 34.Nxc2 f6 35.f4 Kf7 36.Kf3 Bc3
37.Ne3 Ke6 38.a3 Bd4 39.Nc4 h5 40.Bc7 Bg1 41.Kg3  1-0

[Event "Cracovia Open A 2013-14"]
[Site "Krakow POL"]
[Date "2014.01.04"]
[Round "9.3"]
[White "Matuszewski,Mi"]
[Black "Malaniuk,V"]
[Result "0-1"]
[WhiteElo "2408"]
[BlackElo "2545"]

1.d4 Nf6 2.Nf3 g6 3.c4 Bg7 4.Nc3 O-O 5.e4 d6 6.Be2 Nbd7 7.O-O e5 8.Re1 Re8
9.d5 a5 10.Qc2 Nc5 11.b3 Bd7 12.Be3 Ng4 13.Bxc5 dxc5 14.a3 Bf8 15.Bd3 Nh6
16.h3 f6 17.Rad1 Nf7 18.Nh2 Nd6 19.Ng4 Bg7 20.Ne3 Rf8 21.a4 f5 22.Nf1 f4
23.Be2 f3 24.Bxf3 Bxh3 25.Qe2 Bd7 26.Bg4 h5 27.Bxd7 Qxd7 28.Qe3 b6 29.Nh2 Nf7
30.Rd3 Rae8 31.Qh3 Qd8 32.Nf3 Bf6 33.Nb5 Kg7 34.Na7 Rh8 35.Nc6 Qd6 36.Nh4 Bg5
37.Re2 Bf4 38.g3 Bg5 39.Nf3 Bf6 40.Qg2 Qd7 41.Ree3 Rh7 42.Kf1 g5 43.Ng1 Kh8
44.Ne2 g4 45.f4 gxf3 46.Rxf3 Bg7 47.Rf2 Rh6 48.Rdf3 Nd6 49.Nc3 Kg8 50.Qh1 Qg4
51.Qh4 Kh8 52.Kg2 Rg6 53.Ne7 Rxe7 54.Qxe7 h4 55.Re3 Bh6 56.Rf8+ Bxf8 57.Qxf8+ Kh7
58.Qe7+ Rg7 59.Qxe5 Rf7 60.Qe6 h3+ 61.Kg1 Qh5 62.Re2 Rf3 63.Qe7+ Nf7 64.Qxc7 Rxc3
65.Rf2 h2+  0-1

[Event "19th Bosnjaci Open 2014"]
[Site "Bosnjaci CRO"]
[Date "2014.01.05"]
[Round "4.4"]
[White "Kuljasevic,D"]
[Black "Saric,S"]
[Result "1-0"]
[WhiteElo "2580"]
[BlackElo "2406"]

1.d4 Nf6 2.c4 g6 3.Nc3 Bg7 4.e4 d6 5.Nf3 O-O 6.Be2 e5 7.O-O Nh5 8.Bg5 f6
9.Be3 Nc6 10.d5 Ne7 11.g3 f5 12.exf5 Nxf5 13.Bg5 Nf6 14.Ne4 h6 15.Bxf6 Bxf6
16.c5 Rf7 17.Rc1 Be7 18.Qd3 Qf8 19.Rc3 Nd4 20.Nxd4 exd4 21.Qxd4 dxc5 22.Qe3 b6
23.b4 Bb7 24.Rd1 Re8 25.Bb5 Rd8 26.bxc5 Bxd5 27.Bc4 c6 28.Bb3 Kh7 29.cxb6 axb6
30.Rcd3 Bxb3 31.axb3 c5 32.Rd7 Rxd7 33.Rxd7 Bd8 34.Qf4 Kg7 35.Qe5+ Kh7 36.Nf6+ Kg7
37.Ng4+ Kh7 38.Nf6+ Kg7 39.Ne8+ Kh7 40.Rxd8 Rxf2 41.Rd7+ Rf7 42.Qf6  1-0

[Event "26th Staufer-Open A 2014"]
[Site "Schwaebisch Gmuend GER"]
[Date "2014.01.05"]
[Round "8.31"]
[White "Farmani Anosheh,A"]
[Black "Schmidt,Mart3 GER"]
[Result "1-0"]
[WhiteElo "2230"]
[BlackElo "2076"]

1.d4 Nf6 2.c4 g6 3.Nc3 Bg7 4.e4 O-O 5.Be2 d6 6.Nf3 e5 7.O-O Na6 8.Be3 Ng4
9.Bg5 f6 10.Bc1 Qe7 11.h3 Nh6 12.Re1 c6 13.Rb1 Kh8 14.b4 f5 15.b5 Nc7 16.bxc6 bxc6
17.Ba3 exd4 18.e5 Bxe5 19.Nxe5 Qxe5 20.Bf3 Qf6 21.Bxc6 Ba6 22.Nd5 Nxd5 23.Bxd5 Rab8
24.Rxb8 Rxb8 25.Re6 Qg7 26.Bxd6  1-0